000 00278nam a22001217a 4500
008 150330b xxu||||| |||| 00| 0 eng d
020 _a9780072261349
020 _a007226134X
041 0 _aeng
080 _a004
245 1 0 _aJavaScript demystified /
_cJim Keogh.
942 _2udc
_cBK
999 _c621
_d621